Pokemon Moves by Category 1 - Statistics

General Stats
  • This quiz has been taken 17 times
  • The average score is 40 of 102
Answer Stats
Hint Answer % Correct
Steel Bullet Punch
100%
Fire Fire Punch
100%
Ice Ice Punch
100%
Ghost Shadow Punch
91%
Electric Thunder Punch
91%
Dragon Dragon Dance
82%
Fire Fire Fang
82%
Water Jet Punch
82%
Normal Mega Kick
82%
Normal Mega Punch
82%
Poison Poison Fang
82%
Fighting High Jump Kick
73%
Ice Ice Fang
73%
Psychic Psychic Fangs
73%
Psychic Psystrike
73%
Dark Sucker Punch
73%
Electric Thunder Fang
73%
Flying Aeroblast
64%
Fire Blaze Kick
64%
Normal Dizzy Punch
64%
Flying Feather Dance
64%
Fighting Low Kick
64%
Fighting Mach Punch
64%
Normal Super Fang
64%
Rock Ancient Power
55%
Electric Bolt Strike
55%
Fighting Bulk Up
55%
Fighting Double Kick
55%
Fighting Drain Punch
55%
Normal Hyper Fang
55%
Bug Quiver Dance
55%
Flying Sky Attack
55%
Flying Beak Blast
45%
Normal Comet Punch
45%
Ground Earth Power
45%
Fire Fiery Dance
45%
Fighting Focus Punch
45%
Various Hidden Power
45%
Fighting Jump Kick
45%
Grass Leaf Storm
45%
Fighting Power-Up Punch
45%
Water Rain Dance
45%
Rock Sandstorm
45%
Normal Teeter Dance
45%
Grass Trop Kick
45%
Fighting Axe Kick
36%
Dark Beat Up
36%
Fighting Dynamic Punch
36%
Fire Fire Blast
36%
Fighting Focus Blast
36%
Fire Magma Storm
36%
Psychic Psych Up
36%
Fighting Rolling Kick
36%
Fighting Triple Kick
36%
Flying Bleakwind Storm
27%
Dark Feint Attack
27%
Steel Gear Up
27%
Various Multi-Attack
27%
Various Revelation Dance
27%
Rock Rock Blast
27%
Normal Secret Power
27%
Ground Shore Up
27%
Normal Smart Strike
27%
Normal Spit Up
27%
Flying Supersonic Skystrike
27%
Water Surging Strikes
27%
Fighting Victory Dance
27%
Psychic Cosmic Power
18%
Rock Diamond Storm
18%
Normal Fury Attack
18%
Ground High Horsepower
18%
Normal Horn Attack
18%
Various Nature Power
18%
Dragon Order Up
18%
Grass Petal Dance
18%
Normal Quick Attack
18%
Ground Sandsear Storm
18%
Psychic Stored Power
18%
Fighting Superpower
18%
Normal Swords Dance
18%
Various Tera Blast
18%
Normal Tri Attack
18%
Electric Wildbolt Storm
18%
Fire Burn Up
9%
Grass Chloroblast
9%
Fighting G-Max Chi Strike
9%
Psychic Lunar Dance
9%
Ice Max Hailstorm
9%
Psychic Max Mindstorm
9%
Normal Max Strike
9%
Fairy Moonblast
9%
Psychic Mystical Power
9%
Ground Sand Attack
9%
Fairy Springtide Storm
9%
Fighting Thunderous Kick
9%
Normal Tidy Up
9%
Flying Wing Attack
9%
Normal Work Up
9%
Ghost Soul-Stealing 7-Star Strike
0%
Steel Sunsteel Strike
0%
Various Techno Blast
0%
Normal Tera Starstorm
0%
No matching quizzes found
Score Distribution
Percent of People with Each Score
Percentile by Number Answered
Your Score History
You have not taken this quiz